000 00510nam a22002057a 4500
005 20240401122257.0
008 160502b xxu||||| |||| 00| 0 eng d
020 _a8187134623
_c265.00
040 _aLoreto College
041 _aEnglish
082 _a515
_bSEN
100 _aSengupta, Debasish
245 _aApplication of Calculus
_cDebasish Sengupta
250 _a2nd ed
260 _aKolkata
_bBooks and Allied
_c2013
300 _a421p
_b22cm
650 _aCalculus
850 _aLCLIB
942 _cBK
999 _c40603
_d91082